| 000 | 00955nam a2200217Ia 4500 | ||
|---|---|---|---|
| 999 |
_c3835 _d3835 |
||
| 003 | OSt | ||
| 005 | 20200422134732.0 | ||
| 008 | 191128s2017 ck ao gr 000 0 spa d | ||
| 020 | _a9789585852259 | ||
| 082 | 0 | 4 |
_a303.660986 / _bP896c |
| 100 | 1 |
_aPrada Romero, Diana, _eRevisión de texto _93404 |
|
| 245 | 1 | 0 |
_aCrear y resistir desde los movimientos sociales : _bsistematización de experiencias territoriales de paz / _crevisión Diana Prada Romero. |
| 260 |
_aBogotá : _bPlaneta Paz : OXFAM, _c2017 |
||
| 300 |
_a223 páginas : _bilustraciones, fotografías ; _c28 cm. |
||
| 505 | _aMujeres en tiempos de post-acuerdo -- Territorializar la paz: Una urgencia -- En busqueda de lo propio para construir paz territorial | ||
| 650 | 1 | 4 |
_aProceso de paz _xColombia _93405 |
| 650 | 2 | 4 |
_aConstrucción de la paz _xColombia _93406 |
| 650 | 2 | 4 |
_aColombia Acuerdos de paz _xColombia _93407 |
| 650 | 2 | 4 |
_aColombia Movimientos sociales _93408 |
| 942 |
_2ddc _cBK |
||